| 000 | 01591nam a2200373 i 4500 | ||
|---|---|---|---|
| 003 | DO-SdBNP | ||
| 005 | 20240430101441.0 | ||
| 007 | ta | ||
| 008 | 240426b2019 dr a|||| |||| 00| 0 spa d | ||
| 020 | _a9789945177466 | ||
| 040 |
_aDO-SdBNP _bspa _cBNPHU _erda |
||
| 082 | 4 | _222 | |
| 245 | 0 | 0 |
_aLengua Española 5 : _bdel proyecto editorial de educación primaria / _ccolaboración, Luz Adames Sirí, Andrea Berríos, Susana Flores, Marc Grañó, Karen Maturana, Paula Aguilar ; edición, Elias Herrera Jerez ; corrección, Josie Roques Paulino ; ilustraciones, Reison Vásquez, Wi-Hen Fung, Juan Pablo Feliz, Paula Bustamante Jaña, Carlos Ossandón. |
| 264 | 4 |
_aSanto Domingo : _bS M, _c2019. |
|
| 300 |
_a224 páginas : _bIlustraciones ; _c27 cm. |
||
| 336 |
_2rdacontent _atexto _btxt |
||
| 337 |
_2rdamedia _asin mediación _bn |
||
| 338 |
_2rdacarrier _avolumen _bnc |
||
| 490 | _aSavia | ||
| 590 | _aInventariado 2024/BT | ||
| 700 | 1 |
_aAdames Sirí, Luz, _ecolaboración _985304 |
|
| 700 | 1 |
_aBerrios, Andreal, _ecolaboración _985305 |
|
| 700 | 1 |
_aFlores, Susana, _ecolaboración _985306 |
|
| 700 | 1 |
_aMaturana, Karen, _ecolaboración _985307 |
|
| 700 | 1 |
_aGrañó, Marc, _ecolaboración _985308 |
|
| 700 | 1 |
_aPaulino, Josie Roquez, _ecorrección _985309 |
|
| 700 | 1 |
_aVásquez, Reison, _eilustraciones _985309 |
|
| 700 | 1 |
_aFung, Wi-Hen, _eilustración _973248 |
|
| 700 | 1 |
_aFeliz, Juan Pablo,, _eilustración _96598 |
|
| 700 | 1 |
_aBustamante Jaña, Paula _eilustración _985341 |
|
| 700 | 1 |
_aOssadón Yañez, Carlos, _eilustración _985347 |
|
| 910 | _aBTavárez | ||
| 942 |
_2ddc _cLBS1 |
||
| 999 |
_c56544 _d56544 |
||